[Event "2. Bundesliga Ost 2013/2014"]
[Site "Zwettl"]
[Date "2013.11.24"]
[Round "4"]
[Board "4"]
[White "Wagner, Stefan"]
[Black "Neumeier, Klaus"]
[Result "0-1"]
[WhiteElo "2178"]
[BlackElo "2296"]
[PlyCount "84"]
[EventDate "2013.10.05"]
[EventType "team"]
[EventRounds "11"]
[EventCountry "AUT"]
[WhiteTeam "Zwettl"]
[BlackTeam "Spg Data Technology Eichgraben/P."]

1. c4 b6 2. e4 Bb7 3. Nc3 e6 4. g3 f5 5. Bg2 Nf6 6. Qc2 c5 7. Nge2 Be7 8. O-O
fxe4 9. Nxe4 Nc6 10. a3 O-O 11. d3 Ng4 12. h3 Nge5 13. f4 Nf7 14. N4c3 Nd6 15.
g4 Bf6 16. Be3 Rc8 17. Ne4 Be7 18. Rad1 Qc7 19. N2g3 Nf7 20. f5 Nfe5 21. g5 d5
22. f6 dxe4 23. fxe7 Rxf1+ 24. Rxf1 exd3 25. Qf2 Qxe7 26. Ne4 Nxc4 27. Nf6+
gxf6 28. gxf6 Qf7 29. Qg3+ Kf8 30. Bh6+ Ke8 31. Bf3 N4e5 32. Be4 Ng6 33. h4 Nd4
34. Qxd3 Bxe4 35. Qxe4 Nf8 36. Kh1 Rd8 37. Bg5 Rd5 38. b4 Qg6 39. f7+ Kd7 40.
Qf4 Qd3 41. Qf6 Qh3+ 42. Kg1 Ne2+ 0-1

[Event "2. Bundesliga Ost 2013/2014"]
[Site "Zwettl"]
[Date "2013.11.24"]
[Round "4"]
[Board "5"]
[White "Weissenbeck, Manuel"]
[Black "Zwettler, Martin"]
[Result "1/2-1/2"]
[WhiteElo "2249"]
[BlackElo "2194"]
[PlyCount "52"]
[EventDate "2013.10.05"]
[EventType "team"]
[EventRounds "11"]
[EventCountry "AUT"]
[WhiteTeam "Spg Data Technology Eichgraben/P."]
[BlackTeam "Zwettl"]

1. d4 g6 2. e4 Bg7 3. Nf3 c6 4. c4 d5 5. e5 Bg4 6. Nc3 e6 7. h3 Bxf3 8. Qxf3
Ne7 9. g4 Nd7 10. Bg5 h6 11. Be3 O-O 12. O-O-O dxc4 13. Bxc4 b5 14. Bb3 a5 15.
Qe2 a4 16. Bc2 Qa5 17. Qd2 Nb6 18. Ne4 Qxd2+ 19. Bxd2 Ned5 20. Bd3 Rfd8 21. Kb1
a3 22. b3 Bf8 23. Rc1 Rac8 24. Nc5 Kg7 25. Be4 Bxc5 26. Rxc5 Nd7 1/2-1/2

[Event "2. Bundesliga Ost 2013/2014"]
[Site "Zwettl"]
[Date "2013.11.24"]
[Round "4"]
[Board "6"]
[White "Lipp, Alfred"]
[Black "Hechl, Gerald"]
[Result "1/2-1/2"]
[WhiteElo "2138"]
[BlackElo "2182"]
[PlyCount "64"]
[EventDate "2013.10.05"]
[EventType "team"]
[EventRounds "11"]
[EventCountry "AUT"]
[WhiteTeam "Zwettl"]
[BlackTeam "Spg Data Technology Eichgraben/P."]

1. d4 f5 2. g3 Nf6 3. Bg2 e6 4. Nf3 d5 5. c4 c6 6. Qc2 Bd6 7. O-O O-O 8. Bf4
Bxf4 9. gxf4 Nbd7 10. Ng5 Qe8 11. cxd5 Nxd5 12. e3 h6 13. Nf3 Qh5 14. Nc3 g5
15. Nxd5 exd5 16. Kh1 Rf7 17. Rg1 Kh8 18. b4 gxf4 19. exf4 Rg7 20. b5 cxb5 21.
Qc7 Kh7 22. Rae1 Qf7 23. Ne5 Qg8 24. Qd6 Qf8 25. Qxf8 Nxf8 26. Bxd5 Rxg1+ 27.
Rxg1 Be6 28. Bxb7 Rd8 29. Rd1 Bd5+ 30. Bxd5 Rxd5 31. Nc6 Ne6 32. Kg2 Nxf4+
 1/2-1/2

[Event "2. Bundesliga Ost 2013/2014"]
[Site "Zwettl"]
[Date "2013.11.24"]
[Round "4"]
[Board "1"]
[White "Banusz, Tamas"]
[Black "Kostic, Vladimir"]
[Result "1-0"]
[WhiteElo "2596"]
[BlackElo "2436"]
[PlyCount "123"]
[EventDate "2013.10.05"]
[EventType "team"]
[EventRounds "11"]
[EventCountry "AUT"]
[WhiteTeam "SG Hietzing/Ottakring"]
[BlackTeam "ASVOE VHS Poechlarn"]

1. Nf3 Nf6 2. c4 d6 3. d4 g6 4. g3 Bg7 5. Bg2 Bf5 6. Nc3 Ne4 7. Nb1 Nf6 8. Qb3
Qc8 9. Nh4 Be4 10. f3 Bxb1 11. Rxb1 Nc6 12. d5 Nd4 13. Qd3 Nd7 14. e3 Nc5 15.
Qd1 Nf5 16. Nxf5 Qxf5 17. e4 Qd7 18. O-O O-O 19. Be3 Qa4 20. Qxa4 Nxa4 21. Rf2
a5 22. Rc2 Nc5 23. b3 Rfe8 24. Bf1 b6 25. Kf2 h5 26. a3 Kh7 27. b4 axb4 28.
axb4 Nd7 29. c5 bxc5 30. Bb5 Red8 31. Bxd7 Rxd7 32. bxc5 dxc5 33. Rb7 e6 34.
dxe6 fxe6 35. Bxc5 Rf7 36. Be3 Be5 37. Rb5 Bg7 38. e5 Ra3 39. Ke2 Rd7 40. f4
Kg8 41. Rb7 Bf8 42. Rb8 Kg7 43. Rc8 c5 44. Rxf8 Rxe3+ 45. Kxe3 Kxf8 46. Rxc5
Ra7 47. Rc2 Kf7 48. Kf3 Kg7 49. Kg2 h4 50. gxh4 Kh6 51. Rc6 Re7 52. Kg3 Re8 53.
Kg4 Re7 54. Rc8 Ra7 55. Rf8 Ra1 56. Rf6 Rg1+ 57. Kf3 Rf1+ 58. Kg2 Ra1 59. Rxe6
Kh5 60. Rf6 Kg4 61. h3+ Kh5 62. Kf3 1-0

[Event "2. Bundesliga Ost 2013/2014"]
[Site "Zwettl"]
[Date "2013.11.24"]
[Round "4"]
[Board "3"]
[White "Penz, Harald"]
[Black "Loidl, Florian"]
[Result "1/2-1/2"]
[WhiteElo "2324"]
[BlackElo "2192"]
[PlyCount "152"]
[EventDate "2013.10.05"]
[EventType "team"]
[EventRounds "11"]
[EventCountry "AUT"]
[WhiteTeam "SG Hietzing/Ottakring"]
[BlackTeam "ASVOE VHS Poechlarn"]

1. e4 c6 2. d4 d5 3. e5 Bf5 4. Nf3 e6 5. c4 Ne7 6. Nc3 Nc8 7. Bd3 Bxd3 8. Qxd3
Nb6 9. b3 Be7 10. O-O O-O 11. c5 N6d7 12. b4 b6 13. Bf4 a5 14. a3 Na6 15. Na2
axb4 16. axb4 b5 17. Qd2 Re8 18. Nc1 Nf8 19. Nd3 Ng6 20. Be3 Nc7 21. Qc2 Qd7
22. Nd2 Reb8 23. Nb3 Qc8 24. Ra5 Bd8 25. Rfa1 Na6 26. R5a3 Nc7 27. Na5 Ne8 28.
Nc1 Bxa5 29. Rxa5 Rxa5 30. Rxa5 Ra8 31. Nb3 Rxa5 32. Nxa5 Qa8 33. f4 Ne7 34. g4
Qc8 35. Bf2 f6 36. Bh4 Qd7 37. exf6 gxf6 38. h3 Kg7 39. Kg2 h5 40. Qe2 Ng6 41.
Bg3 hxg4 42. hxg4 f5 43. g5 Kf7 44. Qa2 Ng7 45. Nb3 e5 46. dxe5 Ne6 47. Kf3 d4
48. Nd2 d3 49. Nf1 Qd4 50. Qd2 Qg1 51. Qf2 Qh1+ 52. Qg2 Nd4+ 53. Kf2 Qh5 54.
Ke3 Nc2+ 55. Kd2 Nxb4 56. Ne3 Ne7 57. Qh2 Qxh2+ 58. Bxh2 Na6 59. Bg1 Nxc5 60.
Nxf5 Nb3+ 61. Kc3 Nxf5 62. Kxb3 b4 63. Bc5 Ke6 64. Bxb4 Kd5 65. g6 Ke4 66. Bd2
Kd4 67. e6 Kd5 68. e7 Nxe7 69. g7 Ke6 70. Bb4 Ng8 71. Kc3 Kf5 72. Bd6 Ke4 73.
Kd2 Nf6 74. Be5 Ng8 75. Bd6 Nh6 76. Bc5 Ng8 1/2-1/2

[Event "2. Bundesliga Ost 2013/2014"]
[Site "Zwettl"]
[Date "2013.11.24"]
[Round "4"]
[Board "4"]
[White "Mittermayr, Gerhard"]
[Black "Menezes, Christoph"]
[Result "0-1"]
[WhiteElo "2104"]
[BlackElo "2263"]
[PlyCount "82"]
[EventDate "2013.10.05"]
[EventType "team"]
[EventRounds "11"]
[EventCountry "AUT"]
[WhiteTeam "ASVOE VHS Poechlarn"]
[BlackTeam "SG Hietzing/Ottakring"]

1. e4 c5 2. Nf3 d6 3. d4 cxd4 4. Nxd4 Nf6 5. Nc3 a6 6. Be2 e5 7. Nb3 Be7 8. Be3
Be6 9. O-O O-O 10. f4 exf4 11. Bxf4 Nc6 12. Kh1 d5 13. exd5 Nxd5 14. Nxd5 Bxd5
15. Bf3 Bxf3 16. Qxf3 Qd7 17. Qe4 Rfe8 18. Rad1 Qg4 19. h3 Qc8 20. Qf3 Bf6 21.
c3 Qf5 22. Rd5 Qe4 23. Qxe4 Rxe4 24. Rd7 Re7 25. Rfd1 b5 26. R7d6 Re6 27. Rxe6
fxe6 28. Rd6 e5 29. Rxc6 exf4 30. Rb6 Re8 31. Nd4 Re1+ 32. Kh2 Bh4 33. g4 fxg3+
34. Kg2 Rb1 35. Rxa6 Rxb2+ 36. Kg1 Bg5 37. Re6 Bf6 38. Rb6 b4 39. Nb3 bxc3 40.
Rb8+ Kf7 41. a4 Bd4+ 0-1

[Event "2. Bundesliga Ost 2013/2014"]
[Site "Zwettl"]
[Date "2013.11.24"]
[Round "4"]
[Board "5"]
[White "Schneider-Zinner, Harald"]
[Black "Gratze, Michael"]
[Result "1-0"]
[WhiteElo "2349"]
[BlackElo "1982"]
[PlyCount "77"]
[EventDate "2013.10.05"]
[EventType "team"]
[EventRounds "11"]
[EventCountry "AUT"]
[WhiteTeam "SG Hietzing/Ottakring"]
[BlackTeam "ASVOE VHS Poechlarn"]

1. Nf3 Nf6 2. g3 g6 3. b3 Bg7 4. Bb2 O-O 5. Bg2 d5 6. c4 c6 7. O-O Bg4 8. d3
Bxf3 9. exf3 dxc4 10. dxc4 Qxd1 11. Rxd1 Na6 12. Nc3 Rfd8 13. Kf1 Nb4 14. Ke2
Nc2 15. Rxd8+ Rxd8 16. Rd1 Nd4+ 17. Kf1 Rd7 18. f4 Ng4 19. Bh3 f5 20. Bxg4 fxg4
21. Ne2 c5 22. Bxd4 cxd4 23. Nc1 g5 24. Nd3 gxf4 25. gxf4 Rd6 26. Kg2 Re6 27.
Ne5 Bxe5 28. fxe5 Rxe5 29. Rxd4 h5 30. Rd7 Re2 31. Rxb7 a6 32. Ra7 Rxa2 33.
Rxe7 Rb2 34. c5 Rc2 35. b4 Rc4 36. Kg3 Rxb4 37. c6 Rc4 38. c7 Kf8 39. Rd7 1-0

[Event "2. Bundesliga Ost 2013/2014"]
[Site "Zwettl"]
[Date "2013.11.24"]
[Round "4"]
[Board "6"]
[White "Gattermayer, Robert"]
[Black "Plank, Franz"]
[Result "0-1"]
[WhiteElo "2035"]
[BlackElo "2232"]
[PlyCount "62"]
[EventDate "2013.10.05"]
[EventType "team"]
[EventRounds "11"]
[EventCountry "AUT"]
[WhiteTeam "ASVOE VHS Poechlarn"]
[BlackTeam "SG Hietzing/Ottakring"]

1. e4 d5 2. exd5 Qxd5 3. Nc3 Qa5 4. d4 Nf6 5. Nf3 c6 6. Bc4 Bf5 7. Bd2 e6 8.
Nd5 Qd8 9. Nxf6+ Qxf6 10. Bg5 Qg6 11. h4 h6 12. Ne5 Qh7 13. Be3 Bxc2 14. Qf3
Bb4+ 15. Kf1 O-O 16. h5 Bd6 17. Rh4 Bxe5 18. dxe5 Nd7 19. Qg3 Rfd8 20. Rc1 Nb6
21. Be2 Bd3 22. Bxd3 Rxd3 23. Rb4 Rad8 24. Qg4 Nd5 25. Rxb7 Rxe3 26. Qh4 Qd3+
27. Kg1 Rf8 28. Rxc6 Qd1+ 29. Kh2 Rxe5 30. g4 Re1 31. Rxf7 Rh1+ 0-1

[Event "2. Bundesliga Ost 2013/2014"]
[Site "Zwettl"]
[Date "2013.11.24"]
[Round "4"]
[Board "1"]
[White "Kummer, Helmut"]
[Black "Volkmann, Friedrich Karl"]
[Result "0-1"]
[WhiteElo "2331"]
[BlackElo "2420"]
[PlyCount "96"]
[EventDate "2013.10.05"]
[EventType "team"]
[EventRounds "11"]
[EventCountry "AUT"]
[WhiteTeam "Purbach"]
[BlackTeam "ASVOE Wulkaprodersdorf"]

1. d4 b5 2. e4 Bb7 3. Bd3 Nf6 4. Nd2 e6 5. Ngf3 a6 6. O-O c5 7. c3 cxd4 8. cxd4
Be7 9. Re1 O-O 10. Nf1 Nc6 11. Ng3 Rc8 12. d5 exd5 13. e5 Ne8 14. Nf5 d6 15.
Nxe7+ Nxe7 16. Bxh7+ Kh8 17. Bd3 dxe5 18. Nxe5 Nf6 19. Re3 d4 20. Rh3+ Kg8 21.
Bh7+ Nxh7 22. Qh5 Be4 23. Bd2 Qd5 24. f3 Bc2 25. Bb4 Rfe8 26. Bxe7 Rxe7 27. Ng6
Qxh5 28. Nxe7+ Kf8 29. Rxh5 Kxe7 30. Rd5 d3 31. Re1+ Kf8 32. Kf2 Nf6 33. Rd4 g6
34. Re5 Bb1 35. Ke3 Rc1 36. g4 Rh1 37. Rd8+ Kg7 38. Rc5 Rxh2 39. g5 Re2+ 40.
Kd4 Ng8 41. b4 Ne7 42. f4 Nf5+ 43. Kc3 Ne3 44. Re5 Rc2+ 45. Kd4 Nf5+ 46. Ke4
Rc4+ 47. Kf3 Nd4+ 48. Ke3 Nc6 0-1

[Event "2. Bundesliga Ost 2013/2014"]
[Site "Zwettl"]
[Date "2013.11.24"]
[Round "4"]
[Board "2"]
[White "Wallner, Joachim"]
[Black "Wolfram, Bernd"]
[Result "1-0"]
[WhiteElo "2365"]
[BlackElo "2259"]
[PlyCount "65"]
[EventDate "2013.10.05"]
[EventType "team"]
[EventRounds "11"]
[EventCountry "AUT"]
[WhiteTeam "ASVOE Wulkaprodersdorf"]
[BlackTeam "Purbach"]

1. b3 e5 2. Bb2 Nc6 3. e3 d6 4. c4 g6 5. Nf3 Bg7 6. Be2 Nge7 7. d4 O-O 8. d5
Nb8 9. Nc3 a5 10. a3 Na6 11. b4 h6 12. Qb3 Bd7 13. O-O g5 14. Nb5 Ng6 15. Bc3
f5 16. Nd2 g4 17. c5 a4 18. Qc4 Qe7 19. Rac1 f4 20. Bd3 Bf5 21. g3 Kh7 22. Ne4
Rad8 23. Ba1 h5 24. cxd6 cxd6 25. Qc2 Bh6 26. exf4 Rc8 27. Qb1 Rxc1 28. Rxc1
exf4 29. Nbxd6 Bxe4 30. Nxe4 fxg3 31. hxg3 Bxc1 32. Qxc1 Ne5 33. d6 1-0

[Event "2. Bundesliga Ost 2013/2014"]
[Site "Zwettl"]
[Date "2013.11.24"]
[Round "4"]
[Board "3"]
[White "Wiedermann, Daniel"]
[Black "Boric, Elena"]
[Result "1-0"]
[WhiteElo "2164"]
[BlackElo "2235"]
[PlyCount "59"]
[EventDate "2013.10.05"]
[EventType "team"]
[EventRounds "11"]
[EventCountry "AUT"]
[WhiteTeam "Purbach"]
[BlackTeam "ASVOE Wulkaprodersdorf"]

1. d4 d6 2. c4 f5 3. d5 Nf6 4. g3 g6 5. Bg2 Bg7 6. Nh3 O-O 7. Nc3 Nbd7 8. Nf4
Ne5 9. Qb3 Kh8 10. h4 c6 11. h5 gxh5 12. Nxh5 Nxh5 13. Rxh5 Qe8 14. Rh1 e6 15.
Bf4 exd5 16. Bxe5 dxe5 17. cxd5 cxd5 18. Bxd5 a5 19. O-O-O a4 20. Qb6 Rf6 21.
Qc7 a3 22. b3 Be6 23. Bxe6 Rxe6 24. Rd7 Rg6 25. Rhd1 Rc6 26. Qxb7 Rxc3+ 27. Kb1
Rac8 28. Rxg7 Qh5 29. Rgd7 Re8 30. Rh1 1-0

[Event "2. Bundesliga Ost 2013/2014"]
[Site "Zwettl"]
[Date "2013.11.24"]
[Round "4"]
[Board "6"]
[White "Mesaros, Florian"]
[Black "Rainprecht, Bernhard"]
[Result "1-0"]
[WhiteElo "2180"]
[BlackElo "2115"]
[PlyCount "89"]
[EventDate "2013.10.05"]
[EventType "team"]
[EventRounds "11"]
[EventCountry "AUT"]
[WhiteTeam "ASVOE Wulkaprodersdorf"]
[BlackTeam "Purbach"]

1. Nf3 c5 2. c4 Nc6 3. d4 cxd4 4. Nxd4 g6 5. e4 Bg7 6. Be3 d6 7. Nc3 Nf6 8. Be2
O-O 9. O-O Bd7 10. Nc2 Qc8 11. f3 Na5 12. b3 b6 13. Qd2 Re8 14. Rac1 Nb7 15. b4
Nd8 16. Rfd1 Bc6 17. Nd4 Bb7 18. Nd5 Ne6 19. Nxe6 fxe6 20. Nxf6+ exf6 21. Qxd6
Bf8 22. Qd4 e5 23. Qb2 Bc6 24. Qb3 Kg7 25. a4 a5 26. b5 Bd7 27. Bxb6 Bc5+ 28.
Bxc5 Qxc5+ 29. Kh1 Be6 30. Qc3 Rec8 31. Bf1 Ra7 32. Re1 h5 33. Qe3 Rac7 34.
Qxc5 Rxc5 35. Rc2 f5 36. Kg1 fxe4 37. fxe4 h4 38. Kf2 Rf8+ 39. Ke3 g5 40. Rd1
g4 41. Be2 Kg6 42. Rd6 Kf7 43. Rc1 Ke7 44. Ra6 Rfc8 45. Rxe6+ 1-0

[Event "2. Bundesliga Ost 2013/2014"]
[Site "Zwettl"]
[Date "2013.11.24"]
[Round "4"]
[Board "1"]
[White "Fodor, Tamas"]
[Black "Nagy, Bence"]
[Result "1-0"]
[WhiteElo "2458"]
[BlackElo "2358"]
[PlyCount "67"]
[EventDate "2013.10.05"]
[EventType "team"]
[EventRounds "11"]
[EventCountry "AUT"]
[WhiteTeam "ASVOE Mattersburg"]
[BlackTeam "SK Austria"]

1. d4 Nf6 2. c4 c5 3. d5 e6 4. Nc3 exd5 5. cxd5 Bd6 6. Nf3 Bc7 7. Bg5 d6 8. e3
a6 9. a4 Nbd7 10. Be2 O-O 11. O-O Re8 12. Qc2 Nf8 13. Nd2 h6 14. Bh4 Ng6 15.
Bg3 Rb8 16. h3 Bd7 17. Nc4 Qe7 18. a5 Bb5 19. Rfd1 Qd8 20. Nxb5 axb5 21. Na3 b4
22. Nc4 Ne4 23. Bh2 Qf6 24. Bd3 Ng5 25. f4 Nh7 26. e4 Nhf8 27. e5 dxe5 28. Bxg6
Nxg6 29. d6 Bd8 30. Nxe5 Nxf4 31. Nd7 Ne2+ 32. Kh1 Qf2 33. Qxc5 Re3 34. Rf1 1-0

[Event "2. Bundesliga Ost 2013/2014"]
[Site "Zwettl"]
[Date "2013.11.24"]
[Round "4"]
[Board "2"]
[White "Sardy, Peter"]
[Black "Petran, Peter"]
[Result "1/2-1/2"]
[WhiteElo "2337"]
[BlackElo "2320"]
[PlyCount "133"]
[EventDate "2013.10.05"]
[EventType "team"]
[EventRounds "11"]
[EventCountry "AUT"]
[WhiteTeam "SK Austria"]
[BlackTeam "ASVOE Mattersburg"]

1. e4 g6 2. d4 Bg7 3. Nc3 c6 4. h3 d5 5. Nf3 b5 6. a3 dxe4 7. Nxe4 Nf6 8. Nxf6+
exf6 9. Be2 Be6 10. O-O Nd7 11. Bf4 Nb6 12. Qd2 O-O 13. Bg3 a5 14. Rad1 Re8 15.
Rfe1 Bf8 16. Nh2 h5 17. Bf3 Qd7 18. Nf1 Red8 19. Bh4 Bg7 20. Ne3 a4 21. Qe2 Re8
22. Qd2 Red8 23. Qc3 Rac8 24. Rd3 g5 25. Bg3 f5 26. Be5 f6 27. Bh2 f4 28. Nf1
Nd5 29. Qd2 Bf7 30. Qd1 h4 31. Nd2 f5 32. Bh5 Re8 33. Bxf7+ Qxf7 34. Rxe8+ Rxe8
35. c4 bxc4 36. Nxc4 Qe6 37. Kh1 Qe1+ 38. Bg1 Qxd1 39. Rxd1 Re2 40. Rd2 Re1 41.
Nd6 f3 42. Nxf5 fxg2+ 43. Kh2 Nf4 44. Ne3 Nxh3 45. Kxh3 Rxg1 46. Kh2 Rb1 47.
Kxg2 Kf7 48. f3 Ke6 49. Nd1 Kf5 50. Nc3 Rc1 51. Nxa4 Rc4 52. Nb6 Rxd4 53. Rxd4
Bxd4 54. Nc4 Kf4 55. b4 h3+ 56. Kxh3 Kxf3 57. Nd2+ Kf4 58. Nb3 Bc3 59. Kg2 Ke4
60. Kg3 Kd5 61. Kg4 Bf6 62. Kf5 Bd8 63. Nc5 Be7 64. Nb7 Kc4 65. Na5+ Kb5 66.
Nb3 Ka4 67. Nd4 1/2-1/2

[Event "2. Bundesliga Ost 2013/2014"]
[Site "Zwettl"]
[Date "2013.11.24"]
[Round "4"]
[Board "3"]
[White "Brod, Manfred"]
[Black "Staudner, Oliver"]
[Result "0-1"]
[WhiteElo "2237"]
[BlackElo "2392"]
[PlyCount "110"]
[EventDate "2013.10.05"]
[EventType "team"]
[EventRounds "11"]
[EventCountry "AUT"]
[WhiteTeam "ASVOE Mattersburg"]
[BlackTeam "SK Austria"]

1. e4 e6 2. d4 d5 3. Nc3 Nf6 4. Bg5 Be7 5. e5 Nfd7 6. Bxe7 Qxe7 7. f4 Nb6 8.
Nf3 Bd7 9. Bd3 a6 10. O-O c5 11. Qe1 Nc6 12. Qf2 cxd4 13. Ne2 Nc4 14. b3 Nb2
15. Nexd4 Nxd3 16. cxd3 Rc8 17. Rfc1 O-O 18. Nxc6 Rxc6 19. Nd4 Rc5 20. Qb2 Rfc8
21. a3 a5 22. Nf3 Bb5 23. d4 R5c7 24. Ne1 h6 25. g3 Ba6 26. Kf2 Qd7 27. a4 Rc6
28. Ke3 Qc7 29. Kd2 Qb6 30. Rxc6 Rxc6 31. Nd3 Bxd3 32. Kxd3 Qb4 33. Rb1 b5 34.
axb5 Qxb5+ 35. Ke3 Qb4 36. Kd3 Qb5+ 37. Kd2 Rb6 38. Qc2 Rc6 39. Qb2 g6 40. Qa3
Qb6 41. Qa1 Kg7 42. Kd3 Qb4 43. Qb2 Rb6 44. Qc3 Qb5+ 45. Kd2 Rc6 46. Qb2 Rc7
47. Qa1 Qb4+ 48. Kd3 a4 49. Qb2 a3 50. Qd2 a2 51. Qxa2 Rc3+ 52. Ke2 Qxd4 53.
Kf1 Qd3+ 54. Kg1 Rc2 55. Qa7 Qe2 0-1

[Event "2. Bundesliga Ost 2013/2014"]
[Site "Zwettl"]
[Date "2013.11.24"]
[Round "4"]
[Board "4"]
[White "Theissl-Pokorna, Regina"]
[Black "Wiedner, Robert"]
[Result "1-0"]
[WhiteElo "2343"]
[BlackElo "2140"]
[PlyCount "81"]
[EventDate "2013.10.05"]
[EventType "team"]
[EventRounds "11"]
[EventCountry "AUT"]
[WhiteTeam "SK Austria"]
[BlackTeam "ASVOE Mattersburg"]

1. e4 c5 2. Nf3 a6 3. Nc3 b5 4. d4 cxd4 5. Nxd4 Bb7 6. Bd3 Nc6 7. Be3 Nf6 8.
Nxc6 Bxc6 9. e5 b4 10. exf6 bxc3 11. fxe7 Bxe7 12. b3 O-O 13. O-O Qa5 14. Re1
Bf6 15. Qg4 g6 16. Bh6 Rfe8 17. a4 Bg7 18. Bxg7 Kxg7 19. Qd4+ Kg8 20. Be4 Bxe4
21. Rxe4 d5 22. Re5 Rxe5 23. Qxe5 Rd8 24. Rd1 Qc5 25. h3 Qc6 26. Rd3 d4 27.
Rxd4 Re8 28. Rc4 Qd7 29. Qxc3 Qd1+ 30. Kh2 Qd6+ 31. Qg3 Qd1 32. Qg4 Qd6+ 33.
Qf4 Qd5 34. Qf6 h5 35. Rd4 Qb7 36. Qf4 Qe7 37. h4 Rc8 38. c4 Rc5 39. Qd6 Qa7
40. Qd8+ Kg7 41. Rd7 1-0

[Event "2. Bundesliga Ost 2013/2014"]
[Site "Zwettl"]
[Date "2013.11.24"]
[Round "4"]
[Board "5"]
[White "Salamon, Werner"]
[Black "Hangweyrer, Manfred"]
[Result "1/2-1/2"]
[WhiteElo "2122"]
[BlackElo "2375"]
[PlyCount "65"]
[EventDate "2013.10.05"]
[EventType "team"]
[EventRounds "11"]
[EventCountry "AUT"]
[WhiteTeam "ASVOE Mattersburg"]
[BlackTeam "SK Austria"]

1. e4 d6 2. d4 Nf6 3. Nc3 g6 4. Bc4 Bg7 5. Qe2 O-O 6. e5 Nfd7 7. e6 fxe6 8.
Bxe6+ Kh8 9. Nf3 Nc6 10. Be3 Rxf3 11. Qxf3 Nxd4 12. Bxd4 Bxd4 13. O-O Ne5 14.
Qh3 Bxe6 15. Qxe6 Bxc3 16. bxc3 Qd7 17. Qd5 c6 18. Qd4 c5 19. Qe4 Rf8 20. f4
Nc6 21. Rab1 b6 22. Rbd1 Kg7 23. Rd3 Rf7 24. h4 Nd8 25. Rd5 e6 26. Rg5 Rf6 27.
h5 d5 28. Qe2 Nf7 29. Rg3 Nd6 30. Qe5 Nf7 31. Qe2 Nd6 32. Qe5 Nf7 33. Qe2
 1/2-1/2

[Event "2. Bundesliga Ost 2013/2014"]
[Site "Zwettl"]
[Date "2013.11.24"]
[Round "4"]
[Board "6"]
[White "Higatsberger, Michael"]
[Black "Savio, Alfred Jun."]
[Result "1-0"]
[WhiteElo "2197"]
[BlackElo "2018"]
[PlyCount "63"]
[EventDate "2013.10.05"]
[EventType "team"]
[EventRounds "11"]
[EventCountry "AUT"]
[WhiteTeam "SK Austria"]
[BlackTeam "ASVOE Mattersburg"]

1. e4 c6 2. d4 d5 3. e5 Bf5 4. h4 h5 5. c4 e6 6. Nc3 Nd7 7. cxd5 cxd5 8. Bd3
Bxd3 9. Qxd3 Ne7 10. Bg5 Qb6 11. Bxe7 Bxe7 12. Nge2 Rc8 13. O-O Nf8 14. f4 g6
15. Rac1 Rc6 16. Na4 Qa6 17. Qxa6 Rxa6 18. Rc8+ Kd7 19. Rfc1 Rc6 20. R1xc6 bxc6
21. Ra8 f5 22. Rxa7+ Ke8 23. g3 Bd8 24. Nc5 Bb6 25. Ra8+ Ke7 26. a4 Rh7 27. a5
Bxc5 28. dxc5 Nd7 29. b4 Rf7 30. Nd4 Rf8 31. Nxc6+ Kf7 32. Rxf8+ 1-0

[Event "2. Bundesliga Ost 2013/2014"]
[Site "Zwettl"]
[Date "2013.11.24"]
[Round "4"]
[Board "2"]
[White "Pinter, Erik"]
[Black "Lipka, Juraj"]
[Result "1/2-1/2"]
[WhiteElo "2358"]
[BlackElo "2419"]
[PlyCount "77"]
[EventDate "2013.10.05"]
[EventType "team"]
[EventRounds "11"]
[EventCountry "AUT"]
[WhiteTeam "Blackburne Nickelsdorf"]
[BlackTeam "ASVOE Pamhagen"]

1. e4 e6 2. d4 d5 3. exd5 exd5 4. Nf3 Bd6 5. c4 Nf6 6. Nc3 O-O 7. cxd5 Nbd7 8.
Bg5 Nb6 9. Be2 Be7 10. Bxf6 Bxf6 11. Qb3 Bg4 12. O-O-O a5 13. a4 Qd6 14. Ne4
Qf4+ 15. Qe3 Qxe3+ 16. fxe3 Nxd5 17. Nxf6+ Nxf6 18. Bd3 Bd7 19. b3 Bc6 20. Rd2
Bd5 21. Kb2 Rfe8 22. Ne5 Re7 23. Rc1 c6 24. g4 h6 25. h4 Ne4 26. Bxe4 Bxe4 27.
g5 hxg5 28. hxg5 f6 29. gxf6 gxf6 30. Nc4 Bd5 31. Rg1+ Kf7 32. Rg3 Bxc4 33.
bxc4 Rae8 34. Rd3 Rh8 35. Rf3 Rh2+ 36. Kb3 Rh1 37. Kb2 Rh2+ 38. Kb3 Rh1 39. Kb2
 1/2-1/2

[Event "2. Bundesliga Ost 2013/2014"]
[Site "Zwettl"]
[Date "2013.11.24"]
[Round "4"]
[Board "6"]
[White "Kuntner, Reinhard"]
[Black "Horvath, Maria"]
[Result "1/2-1/2"]
[WhiteElo "2093"]
[BlackElo "2036"]
[PlyCount "57"]
[EventDate "2013.10.05"]
[EventType "team"]
[EventRounds "11"]
[EventCountry "AUT"]
[WhiteTeam "Blackburne Nickelsdorf"]
[BlackTeam "ASVOE Pamhagen"]

1. c4 e5 2. Nc3 Nc6 3. g3 Nf6 4. Bg2 d6 5. d3 Be6 6. e4 Nd4 7. Nge2 c5 8. Nxd4
cxd4 9. Ne2 b5 10. b3 bxc4 11. bxc4 Be7 12. O-O O-O 13. f4 Qa5 14. f5 Bd7 15.
Bd2 Qa6 16. h3 Ba4 17. Qe1 Nd7 18. g4 Nc5 19. Qg3 Rab8 20. f6 Bxf6 21. Rxf6 Rb2
22. Bh6 Rxe2 23. Bxg7 Kxg7 24. Qh4 Ne6 25. Raf1 Nf4 26. R6xf4 exf4 27. Qg5+ Kh8
28. Qf6+ Kg8 29. Qg5+ 1/2-1/2

[Event "2. Bundesliga Ost 2013/2014"]
[Site "Zwettl"]
[Date "2013.11.24"]
[Round "4"]
[Board "1"]
[White "Lendwai, Reinhard"]
[Black "Csonka, Attila"]
[Result "0-1"]
[WhiteElo "2379"]
[BlackElo "2387"]
[PlyCount "92"]
[EventDate "2013.10.05"]
[EventType "team"]
[EventRounds "11"]
[EventCountry "AUT"]
[WhiteTeam "Raiffeisen Waehring"]
[BlackTeam "SGM Sparkasse Ternitz"]

1. d4 Nf6 2. c4 e6 3. Nc3 Bb4 4. e3 O-O 5. Nge2 c6 6. a3 Ba5 7. b4 Bc7 8. f4 d6
9. e4 e5 10. dxe5 dxe5 11. Qxd8 Rxd8 12. f5 a5 13. Rb1 Na6 14. Ng3 axb4 15.
axb4 Nxb4 16. Rxb4 Ra1 17. Rb1 Ba5 18. Rxa1 Bxc3+ 19. Kf2 Bxa1 20. Be2 Bd4+ 21.
Kf3 c5 22. Bg5 Rd6 23. Rb1 h6 24. Bxf6 Rxf6 25. Nf1 Ra6 26. Rb3 Kf8 27. Ne3
Bxe3 28. Kxe3 Ke7 29. Bg4 Kf6 30. h3 Rd6 31. Ra3 Bd7 32. Ra5 Ra6 33. Rxc5 Ra3+
34. Kd2 Bc6 35. Bf3 Ke7 36. Rxe5+ Kd6 37. Rd5+ Bxd5 38. exd5 b6 39. Kc2 Ke5 40.
Kb2 Re3 41. Bh5 f6 42. Bf7 Re2+ 43. Kc3 Rxg2 44. Kb4 Kd6 45. Kb5 Rb2+ 46. Ka6
Rb4 0-1

[Event "2. Bundesliga Ost 2013/2014"]
[Site "Zwettl"]
[Date "2013.11.24"]
[Round "4"]
[Board "2"]
[White "Schwarhofer, Christopher"]
[Black "Kirschner, Alexander"]
[Result "1/2-1/2"]
[WhiteElo "2310"]
[BlackElo "2286"]
[PlyCount "69"]
[EventDate "2013.10.05"]
[EventType "team"]
[EventRounds "11"]
[EventCountry "AUT"]
[WhiteTeam "SGM Sparkasse Ternitz"]
[BlackTeam "Raiffeisen Waehring"]

1. e4 e6 2. d4 d5 3. Nc3 Bb4 4. e5 c5 5. a3 Bxc3+ 6. bxc3 Qa5 7. Bd2 Qa4 8. Qb1
c4 9. f4 Nc6 10. Nf3 Bd7 11. Be2 O-O-O 12. Ng5 Rf8 13. g4 f6 14. Nh3 Nge7 15.
O-O Be8 16. Qd1 Bg6 17. Ra2 Be4 18. Nf2 f5 19. g5 b5 20. Qb1 a6 21. Nd1 Qa5 22.
Bc1 Qa4 23. Rf2 Kc7 24. Bf1 Rb8 25. Nb2 Qa5 26. Bd2 h6 27. Nd3 cxd3 28. cxd3
Qb6 29. dxe4 fxe4 30. Bh3 Nf5 31. Bxf5 exf5 32. Qb3 Rbd8 33. gxh6 Rxh6 34. Rg2
g6 35. Kh1 1/2-1/2